|
|
|
|
| LEADER |
00000nam0a2200000 4500 |
| 001 |
293528 |
| 005 |
20231102000613.0 |
| 020 |
|
|
|a RU
|b 83-28433
|
| 035 |
|
|
|a (RuTPU)RU\TPU\book\318566
|
| 090 |
|
|
|a 293528
|
| 100 |
|
|
|a 20150502d1983 k y0rusy5003 ca
|
| 101 |
0 |
|
|a rus
|
| 102 |
|
|
|a RU
|
| 105 |
|
|
|a a z 001zy
|
| 200 |
1 |
|
|a Метаморфическая зональность и метаморфические комплексы
|f Академия наук СССР (АН СССР) ; под ред. Н. Л. Добрецова
|
| 210 |
|
|
|a Москва
|c Наука
|d 1983
|
| 215 |
|
|
|a 106 с.
|c ил.
|
| 320 |
|
|
|a Библиография в конце статей
|
| 606 |
1 |
|
|a Горные породы, метаморфические
|x Петрография
|2 stltpush
|3 (RuTPU)RU\TPU\subj\8136
|9 35620
|
| 610 |
1 |
|
|a зональные комплексы
|
| 610 |
1 |
|
|a полиметаморфические комплексы
|
| 610 |
1 |
|
|a полиметаморфизм
|
| 610 |
1 |
|
|a докембрий
|
| 610 |
1 |
|
|a фанерозой
|
| 610 |
1 |
|
|a складчатые области
|
| 610 |
1 |
|
|a термальные антиклинали
|
| 610 |
1 |
|
|a Таджикистан
|
| 675 |
|
|
|a 552.4
|v 4
|
| 702 |
|
1 |
|a Добрецов
|b Н. Л.
|g Николай Леонтьевич
|4 340
|
| 712 |
0 |
2 |
|a Академия наук СССР (АН СССР)
|c (1925-1991)
|2 stltpush
|3 (RuTPU)RU\TPU\col\722
|
| 801 |
|
0 |
|a RU
|b RuMRKP
|c 19950704
|g psbo
|
| 801 |
|
1 |
|a RU
|b 63413507
|c 20150502
|
| 801 |
|
2 |
|a RU
|b 63413507
|c 20170720
|g RCR
|
| 942 |
|
|
|c BK
|